Dealer firmy AMWAY a podobné formy podnikania Podnikáme podľa živnostenského zákona

Podnikanie v oblasti nákupu a predaja tovarov. Sprostredkovateľská činnosť pre obchodnú spoločnosť AMWAY. Fungovanie dealerskej činnosti na princípe sieťového marketingu (multi level marketing).

Salvato in:
Dettagli Bibliografici
Natura: Capitolo di libro
Lingua:slovacco
Soggetti:
Tags: Aggiungi Tag
Nessun Tag, puoi essere il primo ad aggiungerne!!

MARC

LEADER 00000naa a2200000 4500
001 r016815
005 20221213095459.3
041 0 |a slo 
044 |a SK 
245 1 0 |a Dealer firmy AMWAY a podobné formy podnikania  |b Podnikáme podľa živnostenského zákona 
520 |a Podnikanie v oblasti nákupu a predaja tovarov. Sprostredkovateľská činnosť pre obchodnú spoločnosť AMWAY. Fungovanie dealerskej činnosti na princípe sieťového marketingu (multi level marketing). 
610 2 0 |a predajcovia 
610 2 0 |a marketing sieťový 
610 2 0 |a AMWAY 
610 2 0 |a distribúcia 
610 2 0 |a podnikanie 
610 2 0 |a živnosti